More mediation (Record no. 70622)
[ view plain ]
| 000 -LEADER | |
|---|---|
| fixed length control field | 00798cam a2200205 4500 |
| 001 - CONTROL NUMBER | |
| control field | X118601 |
| 008 - FIXED-LENGTH DATA ELEMENTS--GENERAL INFORMATION | |
| fixed length control field | 020701n2002 000 0 eng u |
| 035 ## - SYSTEM CONTROL NUMBER | |
| System control number | (Sirsi) u118601 |
| 100 ## - MAIN ENTRY--PERSONAL NAME | |
| Personal name | Cornes, D |
| 245 ## - TITLE STATEMENT | |
| Title | More mediation |
| 260 ## - PUBLICATION, DISTRIBUTION, ETC. | |
| Date of publication, distribution, etc. | 2002 |
| 490 ## - SERIES STATEMENT | |
| Series statement | Solicitors' Journal |
| Volume/sequential designation | 146(16) 26 April 2002, 379(1) |
| 520 ## - SUMMARY, ETC. | |
| Summary, etc. | Looks at what courts and state can do to increase take-up of mediation. Using examples of "Dunnett v Railtrack plc" ([2002]EWCA Civ 303, [2002] 2 All ER 850) and "Cowl and others v Plymouth CC" shows how timely intervention by judges can force parties into mediation. |
| 650 ## - SUBJECT ADDED ENTRY--TOPICAL TERM | |
| Topical term or geographic name entry element | CIVIL PROCEDURE RULES |
| 650 ## - SUBJECT ADDED ENTRY--TOPICAL TERM | |
| Topical term or geographic name entry element | MEDIATION |
| 650 ## - SUBJECT ADDED ENTRY--TOPICAL TERM | |
| Topical term or geographic name entry element | DUNNETT V RAILTRACK PLC |
| 650 ## - SUBJECT ADDED ENTRY--TOPICAL TERM | |
| Topical term or geographic name entry element | COWL AND OTHERS V PLYMOUTH CC |
| 690 ## - LOCAL SUBJECT ADDED ENTRY--TOPICAL TERM (OCLC, RLIN) | |
| Topical term or geographic name as entry element | Dispute resolution |
| 9 (RLIN) | 6236 |
| 942 ## - ADDED ENTRY ELEMENTS (KOHA) | |
| Suppress in OPAC | 0 |
| Withdrawn status | Lost status | Source of classification or shelving scheme | Damaged status | Not for loan | Home library | Current library | Shelving location | Date acquired | Total Checkouts | Full call number | Barcode | Date last seen | Copy number | Price effective from | Koha item type |
|---|---|---|---|---|---|---|---|---|---|---|---|---|---|---|---|
| Dewey Decimal Classification | London | London | Journal article | 01/07/2002 | X118601 | 118601-1001 | 06/08/2019 | 1 | 06/08/2019 | Journal article |